PHARMACY ADMINISTRATION (Record no. 7170)
[ view plain ]
| 000 -LEADER | |
|---|---|
| fixed length control field | 00257nam a2200121Ia 4500 |
| 082 ## - DEWEY DECIMAL CLASSIFICATION NUMBER | |
| Classification number | 615.4 |
| Item number | P15A |
| 100 ## - MAIN ENTRY--PERSONAL NAME | |
| Personal name | ACHAYULU, G.V.R. |
| 245 ## - TITLE STATEMENT | |
| Title | PHARMACY ADMINISTRATION |
| 260 ## - PUBLICATION, DISTRIBUTION, ETC. (IMPRINT) | |
| Name of publisher, distributor, etc | CBS- DELHI |
| 300 ## - PAGE DESCRIPTION | |
| No. of Pages | 185 |
| 650 ## - SUBJECT ADDED ENTRY--TOPICAL TERM | |
| Topical term or geographic name as entry element | ADMINISTRATIION |
| 942 ## - ADDED ENTRY ELEMENTS (KOHA) | |
| Source of classification or shelving scheme | Dewey Decimal Classification |
| Koha item type | Books |
| Withdrawn status | Lost status | Source of classification or shelving scheme | Damaged status | Not for loan | Collection code | Home library | Current library | Shelving location | Date acquired | Vendor Name | Cost, normal purchase price | SGTU | Bill Number | Full call number | Accession No. (Barcode) | Date last seen | Bill Date | Koha item type |
|---|---|---|---|---|---|---|---|---|---|---|---|---|---|---|---|---|---|---|
| Dewey Decimal Classification | PHARMACY | SGT FA-FP Library | SGT FA-FP Library | Reference Book | 02/07/2015 | ABC DELHI | 325.00 | SGTU | 492 | 615.4 P15A | FP647 | 02/07/2015 | 24/11/2014 | Books | ||||
| Dewey Decimal Classification | PHARMACY | SGT FA-FP Library | SGT FA-FP Library | Reference Book | 02/07/2015 | ABC DELHI | 325.00 | SGTU | 492 | 615.4 P15A | FP648 | 02/07/2015 | 24/11/2014 | Books |